Турция (Запис номер 56425)
[ съкратено ]
| 000 -Лидер | |
|---|---|
| Контролно поле с фиксирана дължина | nam a22 a 4500 |
| 003 - Код на организацията, давaща контролен номер | |
| Контролно поле | BLK |
| 005 - Дата и час на последна редакция | |
| Контролно поле | 20230306112128.0 |
| 008 - Елементи от данни с фиксирана дължина | |
| fixed length control field | 180408b bul|||||r ||||||| ||bul|| |
| 010 ## - Наследен системен номер | |
| LC control number | KNG00060406000 |
| 040 ## - Източник на каталожния запис | |
| Идентификатор на билиотеката - собственик на записа | BLK |
| 041 ## - Код за език | |
| Код за езика на текст/звукозапис или на отделно заглавие | Български |
| Код за езика КДБФ | Български |
| 080 ## - УДК | |
| Текстов определител УДК | География на Европа |
| УДК код - определител по УДК | 913(4) |
| УДК определител | (560)(035) |
| УДК - код + определител | 913(4)(560)(035) |
| 080 ## - УДК | |
| Текстов определител УДК | Български език |
| УДК код - определител по УДК | 811.163.2 |
| УДК определител | (038.2) |
| УДК - код + определител | 811.163.2(038.2) |
| 080 ## - УДК | |
| Текстов определител УДК | Турски език |
| УДК код - определител по УДК | 811.512.161 |
| УДК определител | (038.2) |
| УДК - код + определител | 811.512.161(038.2) |
| 100 1# - Редна дума - Автор | |
| Автор | Василева, Дарина |
| Авторска отговорност | първи автор |
| R(LIN) | 286865 |
| 139 ## - Редно поле | |
| Редна дума | Василева, Дарина |
| Авторски знак | Васи - В 24 |
| 245 10 - Сведения за заглавието | |
| Заглавие | Турция |
| Подзаглавни данни | Турист. справ. и бълг.-тур. разговорник |
| Редно поле (дума) | Дарина Василева. |
| 257 ## - Страна на издаване | |
| Страна на създаване/издаване | България |
| 260 ## - Област на издателските данни | |
| Място на издаване, разпространение и проч. | София |
| Име на издателя, разпространителя и проч. | Унив. изд. Св. Климент Охридски |
| Година на издаване | 1992 |
| 300 ## - Физическа характеристика | |
| Страници | 132 с., 13 с. |
| Илюстрации и др. | к. |
| Размери/Мащаб | 20 см |
| 380 ## - Жанр | |
| Жанр | География |
| 500 ## - Общи забележки | |
| Забележка | Библиогр. с. 131-132 |
| 650 #4 - Допълнително описание по предмет – тема | |
| Основно описание – тема или топоним | Турция - справочници |
| 9 (RLIN) | 286866 |
| 650 #4 - Допълнително описание по предмет – тема | |
| Основно описание – тема или топоним | Туристически маршрути - Турция |
| 9 (RLIN) | 286867 |
| 650 #4 - Допълнително описание по предмет – тема | |
| Основно описание – тема или топоним | Български език - разговорници, българско-турски |
| 9 (RLIN) | 264637 |
| 650 #4 - Допълнително описание по предмет – тема | |
| Основно описание – тема или топоним | Турски език - речници, българско-турски |
| 9 (RLIN) | 286868 |
| 651 #4 - Допълнително описание по предмет - топоним | |
| Географско понятие | Турция |
| 9 (RLIN) | 179691 |
| 653 ## - Ключова дума – ненормативна | |
| Ключова дума | Турция |
| 653 ## - Ключова дума – ненормативна | |
| Ключова дума | туристическа информация |
| 653 ## - Ключова дума – ненормативна | |
| Ключова дума | справочници |
| 653 ## - Ключова дума – ненормативна | |
| Ключова дума | българо-турски разговорници |
| 852 ## - Местоположение | |
| Форматна сигнатура | Цб 169997 |
| 856 4# - Електронен адрес и достъп | |
| Електронен формат | pdf - файл |
| Инструкция (цена за достъп) | 0.00 |
| Права за достъп | disable |
| 856 4# - Електронен адрес и достъп | |
| Електронен формат | pdf - файл |
| Инструкция (цена за достъп) | 0.00 |
| Права за достъп | disable |
| 999 ## - СИСТЕМНИ КОНТРОЛНИ НОМЕРА | |
| Koha biblionumber | 56425 |
| Koha biblioitemnumber | 56425 |
| 942 ## - АРТИКУЛИ | |
| Вид на библиотечния материал | Книги |
| Скрит в OPAC | Не |
| Периодичен библиозапис | Да |
| 944 ## - СЪЗДАВАНЕ И РЕДАКЦИЯ на ЗАПИСА | |
| Създаване/Редакция | Създаване |
| Дата на регистрацията/редакция | 13.06.2004 |
| Служител, извършил регистрацията/редакцията | Кети_Илиева |
| 944 ## - СЪЗДАВАНЕ И РЕДАКЦИЯ на ЗАПИСА | |
| Създаване/Редакция | Редакция |
| Дата на регистрацията/редакция | 10.02.2015 |
| Служител, извършил регистрацията/редакцията | Теодора_Стоянова |
| 999 ## - СИСТЕМНИ КОНТРОЛНИ НОМЕРА | |
| Koha biblioitemnumber | 56425 |
| 999 ## - СИСТЕМНИ КОНТРОЛНИ НОМЕРА | |
| Koha biblioitemnumber | 56425 |
| Код за отписване | Код за изгубен артикул | Източник на класификационната схема | Код за повреда | Коз за рестрикции | Код за отдаване | Артикулен № | Име на библиотеката - собственик | Име на библиотеката, в която се намира в момента | Статус (Текущо местоположение) | Дата на вписване в системата | Местоположение - отдел | Цена в лева | Инвентарен номер | Систематично азбучна сигнатура | Баркод | Номер на екземпляра | Цена в евро | Служебна бележка | Служебен тип на артикула |
|---|---|---|---|---|---|---|---|---|---|---|---|---|---|---|---|---|---|---|---|
| Не е изгубен | Universal Decimal Classification | Не е повреден | без рестрикции | ползва се в читалня | 89494 | Регионална библиотека "Любен Каравелов" Русе | Регионална библиотека "Любен Каравелов" Русе | Хранилище | 1993-01-01 | Основен фонд - ползва се само за читалня | 0.81 | 578225 | Цб 304897 | 120000578225 | 1 | 0.41 | Дата инв: 30.03.2017 Бележки инв: Ч2017 | Книги | |
| Не е изгубен | Universal Decimal Classification | Не е повреден | без рестрикции | ползва се в читалня | 89495 | Регионална библиотека "Любен Каравелов" Русе | Регионална библиотека "Любен Каравелов" Русе | Хранилище | 1992-01-01 | Хранилище | 23.15 | 571111 | Цб 169997 | 120000571111 | 2 | 11.84 | Дост: Dp Вид: Д N: стар фонд Дата: 01.01.1992 | Книги | |
| Изтеглен | Не е изгубен | Universal Decimal Classification | Не е повреден | без рестрикции | заемане за дома | 89496 | Регионална библиотека "Любен Каравелов" Русе | Регионална библиотека "Любен Каравелов" Русе | Заемна - подръчен фонд | 1992-01-01 | Заемна - подръчен фонд | 1.62 | 580925 | П 914/В 24 | 580925 | 3 | 0.83 | Дост: Pk Вид: Ф N: стар фонд Дата: 01.01.1992 | Книги |
| Изтеглен | Не е изгубен | Universal Decimal Classification | Не е повреден | без рестрикции | заемане за дома | 89497 | Регионална библиотека "Любен Каравелов" Русе | Регионална библиотека "Любен Каравелов" Русе | Заемна - подръчен фонд | 1992-01-01 | Заемна - подръчен фонд | 1.62 | 580926 | П 914/В 24 | 580926 | 4 | 0.83 | Дост: Pk Вид: Ф N: стар фонд Дата: 01.01.1992 | Книги |
| Изтеглен | Не е изгубен | Universal Decimal Classification | Не е повреден | без рестрикции | заемане за дома | 89498 | Регионална библиотека "Любен Каравелов" Русе | Регионална библиотека "Любен Каравелов" Русе | Детски отдел | 1992-01-01 | Детски отдел | 1.62 | 630710 | ДН 914/В 24 | 630710 | 5 | 0.83 | Дост: Pk Вид: Ф N: стар фонд Дата: 01.01.1992 Дата инв: 05.10.2015 Бележки инв: Д2015 | Книги |